Da Sodoma a Chueca : una historia cultural de la homosexualidad en Espana en el siglo 20. /

Guardado en:
Detalles Bibliográficos
Autor principal: Mira, Alberto
Formato: Libro
Lenguaje:español
Publicado: Barcelona : Egales, 2007
Edición:2. ed
Etiquetas: Agregar Etiqueta
Sin Etiquetas, Sea el primero en etiquetar este registro!

MARC

LEADER 00000nam a22000007i 4500
001 IT\ICCU\UBO\4118763
003 ItRI
005 20260115231843.0
008 150114s2007 sp |||||| ||||| |||||c
020 |a 8495346656 
040 |b ita  |c importazione bologna sebina 
041 7 |a spa  |2 ISO-639-2 
100 1 |a Mira, Alberto  |0 IT\ICCU\TO0V\562807 
245 1 0 |a Da Sodoma a Chueca :  |b una historia cultural de la homosexualidad en Espana en el siglo 20. /  |c Alberto Mira. 
250 |a 2. ed 
260 |a Barcelona :  |b Egales,  |c 2007 
300 |a 650 p. ;  |c 24 cm 
942 |2 ddc  |c BK  |n 0 
952 |0 0  |1 0  |4 0  |6 DOC_306_766000000000000_MIR  |7 0  |9 14344  |a BO  |b BO  |d 2026-01-15  |i 17489  |l 0  |o DOC 306.766 MIR  |p BO17489  |r 2026-01-15 23:18:43  |w 2026-01-15  |x [Sebina 5] [1 v.]  |y BK  |z 1 v. 
999 |c 12381  |d 12381